Normal view
MARC view
- Shaheen Foundation
Entry Personal Name
001 - CONTROL NUMBER
- control field: 1002
003 - CONTROL NUMBER IDENTIFIER
- control field: NUST
005 - DATE AND TIME OF LATEST TRANSACTION
- control field: 20170517165938.0
008 - FIXED-LENGTH DATA ELEMENTS
- fixed length control field: 170517|| aca||aabn | a|a d
040 ## - CATALOGING SOURCE
- Original cataloging agency: NUST
- Transcribing agency: NUST
100 ## - HEADING--PERSONAL NAME
- Personal name: Shaheen Foundation
670 ## - SOURCE DATA FOUND
- Source citation: Work cat.: (NUST)23644: Shaheen Foundation, The story of the Pakistan Air Force 1988-1998, c2000
